| 000 | 00691cam a22002293a 4500 | ||
|---|---|---|---|
| 001 | 31532 | ||
| 003 | PGUSA | ||
| 005 | 20140828083701.0 | ||
| 008 | 100307s2010||||xxu|||||s|||||000 | eng d | ||
| 040 |
_aPGUSA _beng |
||
| 042 | _adc | ||
| 050 | 4 | _aDP | |
| 100 | 1 |
_aO'Shea, John Augustus, _d1840-1905 |
|
| 245 | 1 | 0 |
_aRomantic Spain : _bA Record of Personal Experiences (Vol. II) _h[electronic resource] / _cJohn Augustus O'Shea |
| 260 |
_bProject Gutenberg, _c2010 |
||
| 506 | _aPublic domain in the USA. | ||
| 516 | _aElectronic text | ||
| 653 | _aSpain -- Description and travel | ||
| 830 | 0 |
_aProject Gutenberg _v31532 |
|
| 856 | 4 | 0 | _uhttp://www.gutenberg.org/ebooks/31532 |
| 942 | _cEB | ||
| 999 |
_c260787 _d260787 |
||